| 000 | 00919nac a22002411u 4500 | ||
|---|---|---|---|
| 020 | _a81884583x : | ||
| 020 | _a818845883* : | ||
| 082 |
_a620 _bRAJ |
||
| 090 |
_c2845 _d2845 |
||
| 100 | _aRajput., R.K. | ||
| 245 |
_aMechanical measurements and Instrumentation:Including Merology and Control Systems/ _cR.K.Rajput. |
||
| 260 |
_aNew Delhi : _bS.K.Kataria and Sons, 2005. _cc2005. |
||
| 300 |
_a365 p.: _bill, _c25 cm. |
||
| 500 | _aOne copy Distributed by Dar Fathy Taha Mohamed Desoukey | ||
| 504 | _aIncludes Index. | ||
| 511 | _aCatalogued by: Sara | ||
| 650 | _aPhysical measurements. | ||
| 650 | _aMeasuring instruments. | ||
| 942 |
_cBB _k620RAJ |
||
| 999 |
_c2845 _d2845 |
||